Decreto Ley Nº 488 y reglamento sobre código de minería

Gorde:
Xehetasun bibliografikoak
Formatua: Liburua
Hizkuntza:gaztelania
Argitaratua: Santiago s.n 1933
Gaiak:
Etiketak: Etiketa erantsi
Etiketarik gabe, Izan zaitez lehena erregistro honi etiketa jartzen!

MARC

LEADER 00000nam a2200000 a 4500
001 UCS3336
003 CL-VaPUC
008 970620e19330000cl |||||||||||||||||spa|d
082 0 4 |a 343.077  |b DEC  |2 21 
245 1 0 |a Decreto Ley Nº 488 y reglamento sobre código de minería 
300 |a 167 p 
942 |c BK 
945 |d 19970620 00:00:00  |a lriquelm 
260 |a Santiago  |b s.n  |c 1933 
650 0 |a Derecho minero  |9 257109 
650 0 |a Propiedad minera   |9 370030 
650 0 |a Minería  |9 326008 
650 0 |a Leyes  |9 256670 
650 0 |a Yacimientos minerales  |9 262212 
650 0 |a Legislación minera  |9 388864 
651 7 |a CHILE  |2 CL-VaPUC  |9 389384 
583 |a last modification  |c 20180102 04:32:18  |k Rodrigo Vera 
999 |c 261076  |d 261074 
952 |0 0  |1 0  |4 0  |6 343_077000000000000_DEC_1933  |7 0  |8 A  |9 287865  |a BIBDER  |b BIBDER  |d 2019-11-19  |i 1868268  |o 343.077 DEC 1933  |p 1868268  |r 2023-01-25  |w 2019-11-19  |y BK  |k DER